Biggest Cities Beginning With 'K' - Statistics

General Stats
  • This quiz has been taken 55 times
  • The average score is 32 of 256
Answer Stats
Population Country Answer % Correct
2,950,800 Ukraine Kyiv
98%
1,459,640 Japan Kyoto
96%
7,273,947 DR Congo Kinshasa
94%
3,043,532 Afghanistan Kabul
92%
115,400 Togo Kara
92%
11,624,219 Pakistan Karachi
92%
1,453,975 Malaysia Kuala Lumpur
90%
1,442,271 Nepal Kathmandu
85%
4,631,392 India Kolkata
85%
755,050 Poland Kraków
85%
1,680,600 Uganda Kampala
83%
584,627 Jamaica Kingston
81%
123,798 Canada Kingston
81%
1,410,858 Sudan Khartoum
79%
314,018 United Kingdom Kingston-upon-Hull
79%
3,931,300 Nigeria Kano
77%
859,332 Rwanda Kigali
77%
317,316 Poland Katowice
73%
1,451,132 Ukraine Kharkiv
71%
145,786 United States Kansas City, KS
63%
459,787 United States Kansas City, MO
63%
1,528,478 Japan Kobe
63%
2,823,249 India Kanpur
52%
1,257,391 Russia Kazan
52%
374,643 Lithuania Kaunas
50%
2,035,064 Ghana Kumasi
50%
391,190 Afghanistan Kandahār
48%
3,385,363 China Kūnmíng
48%
232,758 Germany Kiel
40%
649,851 Russia Krasnodar
40%
927,200 Russia Krasnoyarsk
38%
682,599 DR Congo Kisangani
35%
236,563 Slovakia Košice
35%
335,570 Japan Kochi
33%
283,799 Germany Karlsruhe
31%
194,501 Germany Kassel
31%
875,530 Turkey Konya
31%
993,642 Nigeria Kaduna
29%
434,954 Russia Kaliningrad
29%
192,307 Lithuania Klaipėda
29%
601,433 Iraq Kirkuk
27%
107,319 Germany Koblenz
27%
1,306,785 Japan Kawasaki
25%
1,519,711 Taiwan Kaohsiung City
23%
1,342,339 Bangladesh Khulna
23%
720,362 DR Congo Kananga
21%
592,840 Turkey Kayseri
21%
233,222 Canada Kitchener
19%
178,874 United States Knoxville
19%
997,536 Japan Kitakyushu
17%
763,088 India Kota
17%
237,984 Germany Krefeld
17%
652,380 Ukraine Kryvyi Rih
17%
409,431 Russia Kursk
17%
555,352 Japan Kagoshima
15%
111,701 Sri Lanka Kandy
15%
501,360 Zambia Kitwe
15%
1,091,000 China Kāifēng
13%
577,514 Iran Kerman
13%
621,100 Iran Kermanshah
13%
579,000 Russia Khabarovsk
13%
127,921 United States Killeen
13%
457,383 Russia Kirov
13%
680,423 Japan Kumamoto
13%
127,380 Canada Kelowna
10%
147,473 Serbia Kragujevac
10%
570,407 Malaysia Kuching
10%
148,932 Ukraine Kerch
8%
320,477 Ukraine Kherson
8%
208,598 Poland Kielce
8%
397,957 Kenya Kisumu
8%
879,867 Malaysia Klang
8%
107,450 Poland Koszalin
8%
439,922 India Kozhikode
8%
161,902 Afghanistan Kunduz
8%
178,338 Georgia Kutaisi
8%
190,722 Guinea Kankan
6%
451,800 Kazakhstan Karagandy
6%
1,448,075 Iran Karaj
6%
397,515 Taiwan Keelung
6%
477,090 Russia Kemerovo
6%
225,155 South Africa Kimberley
6%
202,360 Zambia Kabwe
4%
108,759 Poland Kalisz
4%
310,448 China Kashgar
4%
200,443 Sierra Leone Kenema
4%
398,346 Ukraine Khmelnytskyi
4%
138,695 Guinea Kindia
4%
456,446 DR Congo Kolwezi
4%
457,326 Malaysia Kota Kinabalu
4%
173,700 Ukraine Kramatorsk
4%
1,118,617 China Kūnshān
4%
338,155 North Korea Kaesŏng
2%
376,045 Turkey Kahramanmaraş
2%
242,412 China Kāiyuán
2%
338,978 Russia Kaluga
2%
1,262,255 India Kalyān
2%
166,016 Japan Kamakura
2%
128,626 Russia Kamyshin
2%
120,399 Turkey Karaman
2%
232,441 China Karamay
2%
434,450 Iraq Karbala
2%
101,845 Zambia Kasama
2%
340,221 Japan Kashiwa
2%
298,529 Sudan Kassalā
2%
259,315 Nigeria Katsina
2%
337,931 Japan Kawagoe
2%
109,847 Hungary Kecskemét
2%
431,282 Morocco Kénitra
2%
173,183 (Palestine) Khān Yūnis
2%
219,665 India Kharagpur
2%
329,825 Iran Khorramabad
2%
330,606 Iran Khorramshahr
2%
144,865 Tajikistan Khujand
2%
215,458 Tanzania Kigoma
2%
211,138 Turkey Kırıkkale
2%
126,441 India Kolār
2%
147,690 Russia Kolomna
2%
109,045 Japan Komatsu
2%
243,048 Cote d'Ivoire Korhogo
2%
425,182 China Korla
2%
210,000 Kazakhstan Kostanay
2%
277,656 Russia Kostroma
2%
314,964 Malaysia Kota Bharu
2%
141,444 Mali Koutiala
2%
154,224 Russia Kovrov
2%
227,494 Ukraine Kremenchuk
2%
285,065 Malaysia Kuala Terengganu
2%
366,229 Malaysia Kuantan
2%
282,396 Indonesia Kupang
2%
196,624 Japan Kure
2%
343,129 Russia Kurgan
2%
185,008 Turkey Kütahya
2%
136,483 Philippines Kabankalan
0%
126,723 DR Congo Kabinda
0%
131,727 Japan Kadoma
0%
112,467 Egypt Kafr ad-Dawwār
0%
182,186 Egypt Kafr ash-Shaykh
0%
139,070 Tunisia Kairouan
0%
140,604 India Kaithal
0%
107,227 Kenya Kakamega
0%
132,241 Japan Kakamigahara
0%
292,923 India Kākināda
0%
271,634 Japan Kakogawachō
0%
100,641 Greece Kallithéa
0%
100,171 Sri Lanka Kalmunai
0%
112,426 Pakistan Kamalia
0%
332,965 India Kāmārhāti
0%
182,500 Russia Kamensk-Ural’skiy
0%
248,575 Ukraine Kamianske
0%
115,626 DR Congo Kamina
0%
199,531 Pakistan Kamoke
0%
145,639 Malaysia Kampung Pasir Gudang Baru
0%
140,849 Malaysia Kampung Sungai Ara
0%
458,937 Japan Kanazawa
0%
155,029 India Kanchipuram
0%
136,954 India Kānchrāpāra
0%
209,530 North Korea Kanggye
0%
101,502 Russia Kansk
0%
233,708 Senegal Kaolack
0%
232,758 India Karīmnagar
0%
139,159 Japan Kariya
0%
225,049 India Karnāl
0%
115,400 Uganda Kasese
0%
124,521 Japan Kashihara
0%
103,138 India Kashipur
0%
298,589 Japan Kasugai
0%
206,915 Japan Kasukabe
0%
290,643 Pakistan Kasur
0%
192,555 India Katihar
0%
155,968 Japan Katsuta
0%
468,565 Japan Kawaguchi
0%
126,319 Mali Kayes
0%
235,143 Indonesia Kediri
0%
117,249 Indonesia Kedungwuni
0%
195,006 Indonesia Kendari
0%
124,602 Pakistan Khairpur Mir’s
0%
387,553 Saudi Arabia Khamis Mushait
0%
170,503 India Khammam
0%
182,841 India Khandwa
0%
117,137 India Khanna
0%
142,426 Pakistan Khanpur
0%
128,346 India Khardah
0%
126,829 Russia Khasavyurt
0%
131,542 Morocco Khémisset
0%
114,472 Algeria Khenchela
0%
117,510 Morocco Khénifra
0%
239,967 Russia Khimki
0%
118,551 Thailand Khlong Luang
0%
165,799 Saudi Arabia Khobar
0%
277,334 Iran Khomeynī Shahri
0%
147,579 Thailand Khon Kaen
0%
196,196 Morocco Khouribga
0%
175,370 Iran Khowy
0%
105,909 India Khurja
0%
102,793 Pakistan Khushāb
0%
141,227 Pakistan Khuzdar
0%
294,210 DR Congo Kikwit
0%
135,534 DR Congo Kindu
0%
110,219 Japan Kiryū
0%
129,911 Indonesia Kisaran
0%
122,524 Japan Kisarazu
0%
104,000 Russia Kiselëvsk
0%
131,749 India Kishangarh
0%
205,561 Japan Kishiwada
0%
132,771 Russia Kislovodsk
0%
162,174 Kenya Kitale
0%
113,137 Japan Kitami
0%
150,174 Turkey Kızıltepe
0%
126,831 Indonesia Klaten
0%
189,496 South Africa Klerksdorp
0%
169,828 Malaysia Kluang
0%
120,971 Ghana Koforidua
0%
190,000 Japan Kōfu
0%
151,427 Pakistan Kohat
0%
124,662 Sierra Leone Koidu
0%
124,444 Kazakhstan Kokshetau
0%
118,682 Japan Kokubunji
0%
516,142 India Kolhāpur
0%
394,163 India Kollam
0%
138,979 Russia Kolpino
0%
151,025 Japan Komaki
0%
103,342 Egypt Kom Ombo
0%
275,908 Russia Komsomolsk-on-Amur
0%
100,389 Japan Kōnan
0%
419,146 India Korba
0%
340,560 Japan Kōriyama
0%
139,798 Russia Korolev
0%
125,502 Philippines Koronadal
0%
317,437 Japan Koshigaya
0%
104,217 Pakistan Kot Addu
0%
640,000 Pakistan Kotli
0%
110,182 Indonesia Kresek
0%
145,926 India Krishnanagar
0%
249,454 Ukraine Kropyvnytskyi
0%
126,617 Morocco Ksar El Kébir
0%
110,000 Iraq Kufa
0%
100,208 Iran Kūhdasht
0%
341,709 India Kūkatpalli
0%
170,889 Malaysia Kulim
0%
187,942 India Kultali
0%
305,405 India Kulti
0%
155,813 Japan Kumagaya
0%
144,268 Cameroon Kumba
0%
139,264 India Kumbakonam
0%
437,581 Japan Kurashiki
0%
460,184 India Kurnool
0%
238,197 Japan Kurume
0%
127,680 Japan Kusatsu
0%
183,612 Japan Kushiro
0%
135,724 Bangladesh Kushtia
0%
140,051 Japan Kuwana
0%
100,900 Zambia Kwekwe
0%
246,065 Myanmar Kyainseikgyi
0%
108,240 Russia Kyzyl
0%
300,000 Kazakhstan Kyzylorda
0%
No matching quizzes found
Score Distribution
Percent of People with Each Score
Percentile by Number Answered
Your Score History
You have not taken this quiz